Statistics for Largest Central/South/West Asian Cities on a Borderless Map

Click here to take the quiz!

General Stats

  • This quiz has been taken 49 times
  • The average score is 24 of 40

Answers on the Map

Answers color-coded by a green-red scale on the quiz's map according to % correct below.
 

Answer Stats

Answer% Correct
Ankara
97%
Istanbul
97%
Damascus
92%
Tehran
92%
Amman
89%
Baghdad
89%
Izmir
89%
Kuwait City
89%
Tel Aviv
89%
Urumqi
83%
Dubai
75%
Aleppo
72%
Delhi
72%
Jeddah
72%
Riyadh
72%
Karachi
69%
Kabul
64%
Sana'a
64%
Lahore
61%
Mashhad
61%
Colombo
58%
Kolkata
58%
Mumbai
58%
Chennai
50%
Dhaka
50%
Kathmandu
50%
Ahmedabad
47%
Bengaluru
47%
Chittagong
42%
Hyderabad
42%
Lucknow
42%
Pune
39%
Surat
36%
Faisalabad
31%
Jaipur
31%
Rawalpindi-Islamabad
31%
Kochi
25%
Kanpur
14%
Nagpur
8%
Kozhikode
6%

Score Distribution

Percentile by Number Answered

Percent of People with Each Score

Your Score History

You have not taken this quiz